| 000 | 00617nam a22002057a 4500 | ||
|---|---|---|---|
| 003 | OSt | ||
| 005 | 20150321133241.0 | ||
| 008 | 150216b xxu||||| |||| 00| 0 eng d | ||
| 020 | _a950-03-0359-0 | ||
| 040 | _cBMC | ||
| 082 | _a980.02 | ||
| 100 | 1 |
_9318 _aCapdevila, Arturo _d1889-1967 |
|
| 245 | 1 | 3 |
_aEl pensamiento vivo del general San Martin _cArturo Capdevila |
| 250 | _a4ª ed | ||
| 260 |
_aBuenos Aires _bLosada _c1982 |
||
| 300 |
_a150 p. _c18 cm |
||
| 490 |
_aBiblioteca clásica y contemporánea _v477 |
||
| 651 | 2 | 4 |
_93799 _aAmérica del Sur _xHistoria _yGuerras de Independencia, 1806-1830 |
| 942 |
_2ddc _cBK |
||
| 999 |
_c18578 _d18578 |
||